00687nam a2200181 i 450000100060000000300090000600500170001500700030003200800410003510000450007624500870012126000580020830000400026671000280030685200320033499900170036695201220038397449ES-MaACL20250730063116.0t|050712s1964 sp ||||1| spa d1 aMarco Dorta, Enrique, d1911-198097647910aPlanos y dibujos del archivo de la catedral de Las Palmas / cEnrique Marco Dorta. aLas Palmas de Gran Canaria : bMuseo Canario, c1964. a90 p., 22 lám. : bil. ; c24 cm.00aEl Museo Canario.93455 aES-MaACLjC-26708 bR.56053 c97449d97449 00104070aATENEOMbATENEOMcDEPO2d2008-01-17eSCl0oC-26708p1101731r2023-02-23 00:00:00w2023-02-23yMONOGRAFIA